|
|
|
|
| LEADER |
01019nab#a2200325#ar4500 |
| 001 |
000002000 |
| 003 |
SVKKK |
| 005 |
00000000000000.0 |
| 008 |
c xo e czeo |
| FMT |
|
|
|
| 038 |
|
|
|a SVKKK
|
| 040 |
|
|
|a SVKKK
|b slo
|e AACR2
|
| 041 |
0 |
|
|a cze
|b eng
|
| 044 |
|
|
|a xo
|c SK
|
| 080 |
|
|
|a 55
|2 1981
|
| 080 |
|
|
|a 681.3
|2 1981
|
| 100 |
1 |
|
|a Rapantová, Naďa
|4 aut
|
| 245 |
1 |
0 |
|a Využití možností informačních systémů pro zpracování geologických a hydrogeologických dat
|c Rapantová Naďa, Horák Jiří, Grmela Arnošt
|
| 300 |
|
|
|b Obr.,
|
| 504 |
|
|
|a Res. angl., lit.
|
| 650 |
0 |
4 |
|a voda podzemná
|x Ostrava-Nová Ves
|x ochrana
|x výskum hydrogeologický
|x spracovanie dát
|x systém databázový
|x výsledky
|x štúdie
|
| 700 |
1 |
|
|a Grmela, Arnošt
|4 aut
|
| 700 |
1 |
|
|a Horák, Jiří
|4 aut
|
| 773 |
0 |
|
|t Podzemná voda
|x 1335-1052
|g Roč. 8, č. 2(2002), s. 97-106
|
| 957 |
|
|
|a Ostrava-Nová Ves
|
| 974 |
|
|
|d 030204
|a Čr
|
| 992 |
|
|
|a RBX
|
| BAS |
|
|
|
| 852 |
|
|
|a SVKKK
|b BIB
|
| 998 |
|
|
|a GEO
|